Zuzka /
Udělali jsme si pohodlí. Kuba pouští magič, ani na ten nezapomněl, a rozjíždí se Metallica s písničkou Nothing Else Matters. Zamuchlaní tak na půl do spacáku, popíjíme víno. Jsem to, ale nemehlo, polila jsem se. Vlastně jen kapka vína míní zmizet v mém výstřihu, ale to jí kuba nedovolí a zlíbá tu ne...
Uloženo v:
| Hlavní autor: | |
|---|---|
| Médium: | E-kniha |
| Jazyk: | Czech |
| Vydáno: |
Praha :
E-knihy jedou,
2017
|
| Tagy: |
Žádné tagy |
| LEADER | 01933nam a22002297i 4500 | ||
|---|---|---|---|
| 001 | 296475 | ||
| 007 | ta | ||
| 008 | 260407s2017 xr ||||| |||| 00| 0 cze d | ||
| 020 | |a 9788075127464 | ||
| 044 | |a xr | ||
| 100 | 1 | |a Krejčí, Tamara |4 aut | |
| 245 | 1 | 0 | |a Zuzka / |c Krejčí, Tamara |
| 264 | 1 | |a Praha : |b E-knihy jedou, |c 2017 | |
| 300 | |a 1 online zdroj (190 stran) | ||
| 336 | |a text |b txt |2 rdacontent | ||
| 337 | |a bez média |b n |2 rdamedia | ||
| 338 | |a online zdroj |b cr |2 rdacarrier | ||
| 520 | 2 | |a Udělali jsme si pohodlí. Kuba pouští magič, ani na ten nezapomněl, a rozjíždí se Metallica s písničkou Nothing Else Matters. Zamuchlaní tak na půl do spacáku, popíjíme víno. Jsem to, ale nemehlo, polila jsem se. Vlastně jen kapka vína míní zmizet v mém výstřihu, ale to jí kuba nedovolí a zlíbá tu neposlušnou kapku….Doznívá skladba….A já po létech zůstala v úžasu němá stát, když jsem si přeložila text této skladby. Věděl tenkrát Kuba, jak hluboký je to text? To se nikdy nedozvím, ale tahle skladba je pro mě prostě top a jsem schopná si jí dodnes prostě prožít... Na ničem jiném nezáleží! Zuzka je velmi mladá dívka, která prožívá svou první lásku v devadesátých létech. Je to doba plná polopravd a tabu. Příběh Zuzky ze strany rodiny, školy a přátel není ničím výjimečný, ale její vztah se stejně starým chlapcem Jakubem je výjimečný a krásný. Avšak osud k těmto mladým lidem nebyl nakloněn. | |
| 910 | |a RBIT002 | ||
| 998 | |d 162848 |a https://core.palmknihy.cz/api/books/162848/cover?s13kuo |b https://core.palmknihy.cz/api/books/162848/cover/400?pqg1st |c https://core.palmknihy.cz/api/books/162848/cover/50?w5k3yr |e |g 190 |i 9788075127464 |j https://core.palmknihy.cz/api/books/162848/preview.epub |k https://core.palmknihy.cz/api/books/162848/preview.pdf |l |q 49 |r 1 |s https://www.palmknihy.cz/kniha/162848 |t ebook |y 2017 |z 1 | ||
| 999 | |d 296473 | ||